01306nam a2200277 a 450000100100000000500170001000800410002704000250006808200240009310000500011724501000016725000110026726000350027830000210031350000700033450400400040459000270044465000460047165000370051765000310055491000390058595201370062495201220076195201280088399900170101100001511120250721105519.0100201s2004 dr 000 0 spa d aDO-SdBNPbspacBNPHU a320.85bH626o, 20041 aHichez Tellería, Julio César,d1954-992310aOrientaciones municipales /cJulio César Hichez Tellería ; Presentación Catalina Calzado. a2a ed. aSanto Domingo :bM. J.,c2004. a235 p. ;c21 cm. aIncluye datos biográficos del autor en la solapa de la cubierta aIncluye bibliografías (p.234-235) aInventariado, 2018/ YL 4aMunicipioszRepública Dominicana917208 4aParticipación comunitaria9455 0aGobierno municipal 917207 aValidado. Control de calidad BNPHU 001054708DSaGRbGRcHDd2010-02-01iLF1l0o320.85 H626o, 2004p15111-30r2020-06-25te. 3w2020-06-25yLFDSZPréstamo en sala 0010718PDaPDbPDcHDd2010-02-01iLF1l0o320.85 H626o, 2004p15111-10r2020-06-25w2020-06-25yLFPDZNo se presta 0010718PDaPDbPDcHDd2010-02-01iLF1l0o320.85 H626o, 2004p15111-20r2020-06-25te. 2w2020-06-25yLFPDZNo se presta c14683d14683